000 00750nam a2200277 a 4500
001 000114560
003 CHAP
005 20220329144446.0
008 180305s1990 mx a |r| ||||||spa d
010 _a111021
011 _a111993
020 _a9684227755
040 _cCHAP
082 0 4 _a332.67
_bB3 1990
100 0 0 _aBaca Urbina, Gabriel.
_99265
245 1 0 _aEvaluación de proyectos : /
_canálisis y administración del riesgo.
250 _a2 ed.
260 _aMexico, D.F. :
_bMcGraw -Hill,
_c1990.
300 _a284 p. :
_bil.
590 _aE11695DGD
_b10
_c20180307
_lUCH01
_h1151
590 _aE5765TAJ
_b05
_c20180305
_lUCH01
_h0926
650 1 4 _aProyectos
_xEvaluación.
_992525
901 _aBK
942 _cLIBRO
942 _n0
999 _c111021
_d111021